El pasto llorón; su biología y manejo /

Guardado en:
Autor Principal: Fernández, Osvaldo A.
Formato: Libro
Publicado: Bahía Blanca : Cerzos, 1991
Materias:
Etiquetas: Agregar Etiqueta
Sin Etiquetas, Sea el primero en etiquetar este registro!
LEADER 01982nam a22002655a 4500
001 CEM.cems016730
005 20130509101711.0
008 130507s1991##################000#0#####d
003 CEMS
020 |a 9504332588 
082 0 4 |a 633.2 
100 1 |a Fernández, Osvaldo A. 
245 1 0 |a El pasto llorón; su biología y manejo /  |c  Editado Por Osvaldo A Fernández, Roberto E Brevedan Alfredo O Gargano 
260 |a Bahía Blanca :  |b Cerzos,  |c 1991 
300 |a 381 p. 
505 0 |a Introducción del Pasto llorón en la República Argentina / G. Covas -- Taxonomía y morfología del pasto llorón (Eragrostis curvula (Schrad.) Nees), con referencias sobre otras especies cultivadas de Eragrostis / G. Covas -- Citogenética / M. M. Poverene y N. R. Curvetto -- Eragrostis curvula, sus características y potencial para el mejoramiento a través de la hibridación / P. W. Voigt -- Nutrición mineral / C. A. Busso y R. E. Brevedan -- Crecimiento y desarrollo / T. Montani y O. A. Fernández -- Comportamiento frente al estrés de agua / E. E. Sánchez y R. E. Brevedan -- Resistencia a sequía y temperaturas extremas / C. V. Echenique y N. R. Curvetto -- Implantación y manejo durante el primer año / A. O. Gargano -- Manejo del cultivo y respuesta al pastoreo / O. A. Hernández -- Calidad y valor nutritivo / H. E. Laborde -- El pasto llorón en los sistemas de producción ganadera / A. G. Cairnie -- Producción de semilla / E. Dell´Agostino y C. J. Moschetti 
653 |a Pasto llorón 
653 |a Pasto llorón-citogenética 
653 |a Pasto llorón-biología 
653 |a Pasto llorón-cultivo 
859 |a CEMS  |b BIB. CEMS - Agricultura  |h 633.2  |i F391  |p A0390.02  |t Ej.1  |v 1  |3 Vol. 1 
859 |a CEMS  |b BIB. CEMS - Agricultura  |h 633.2  |i F391  |p A1862.13  |t Ej.2 
859 |a CEMS  |b BIB. CEMS - Agricultura  |h 633.2  |i F391  |p A2853.16  |t Ej.3 
859 |a CEMS  |b BIB. CEMS - Agricultura  |h 633.2  |i F391  |p A2854.16  |t Ej.4 
859 |a CEMS  |b BIB. CEMS - Agricultura  |h 633.2  |i F391  |p A2855.16  |t Ej.5